00441pab a2200169 454500008004000000100002200040245004100062260000900103300001400112362001200126650001700138650001500155650002300170650002100193700001800214773003900232180718b2000 xxu||||| |||| 00| 0 eng d aParthasarathy, G. aEmployment and unemployment of youth c2000 ap.683-701 aOct-Dec aUnemployment aEmployment aYouth unemployment aYouth employment aNirmala, K.A. aIndian Journal of Labour Economics